[Event "Campeonato de Aragon por Equipos 2024 - "]
[Site "?"]
[Date "2024.02.17"]
[Round "4.16"]
[White "Torrente Gayarre, Lorenzo"]
[Black "Sanz Pueyo, Adrian"]
[Result "0-1"]
[WhiteElo "1669"]
[BlackElo "1608"]
[PlyCount "66"]
[GameId "2166508123971869"]
[EventDate "2024.01.27"]
[WhiteTeam "Jaque - Aramovil"]
[BlackTeam "Marcos Frechin B"]

1. d4 Nf6 2. Nf3 d5 3. g3 e6 4. Bg2 Bd6 5. O-O O-O 6. c4 Nc6 7. Nc3 dxc4 8. Qa4 e5 9. d5 Ne7 10. Qxc4 Nd7 11. Bd2 h6 12. Rac1 f5 13. Qb3 a6 14. e4 Nc5 15. Qc4 b5 16. Qe2 b4 17. Nd1 Nxe4 18. Ne3 a5 19. Nc4 Ba6 20. Rfd1 Qe8 21. Be1 Ng6 22. Qc2 Bxc4 23. Qxc4 Ng5 24. Nxg5 hxg5 25. Bd2 g4 26. Be3 e4 27. Bc5 Ne5 28. Qf1 Qh5 29. Bxd6 cxd6 30. Rd4 Rf6 31. Rc7 Rh6 32. h4 gxh3 33. Bxe4 fxe4 0-1

[Event "Campeonato de Aragon por Equipos 2024 - "]
[Site "?"]
[Date "2024.02.17"]
[Round "4.17"]
[White "Romero Pallares, Daniel"]
[Black "Llanes Luno, Ricardo"]
[Result "1/2-1/2"]
[WhiteElo "2296"]
[BlackElo "2149"]
[PlyCount "86"]
[GameId "2166508124004638"]
[EventDate "2024.01.27"]
[WhiteTeam "Palacio De Pioneros"]
[BlackTeam "Delicias"]

1. e4 c5 2. Nf3 e6 3. d4 cxd4 4. Nxd4 a6 5. Bd3 Qc7 6. O-O Nf6 7. Qe2 d6 8. c4 Nc6 9. Nxc6 bxc6 10. Nc3 Be7 11. b3 e5 12. Bb2 O-O 13. Rac1 a5 14. c5 dxc5 15. Na4 Be6 16. Nxc5 Bxc5 17. Rxc5 Nd7 18. Rc2 a4 19. Bb5 axb3 20. axb3 Rab8 21. Rfc1 Bxb3 22. Rxc6 Qb7 23. Ba6 Qb4 24. Rc7 Be6 25. Ba1 Qa5 26. Bc8 Nc5 27. R7xc5 Qxc5 28. Rxc5 Rb1+ 29. Qf1 Rxf1+ 30. Kxf1 Rxc8 31. Rxc8+ Bxc8 32. Bxe5 f6 33. Bc3 h5 34. Ke2 Kf7 35. Ke3 g6 36. f3 Ba6 37. g3 Ke6 38. g4 hxg4 39. fxg4 g5 40. Be1 Bb5 41. h4 gxh4 42. Bxh4 Ba4 43. g5 fxg5 1/2-1/2

[Event "Campeonato de Aragon por Equipos 2024 - "]
[Site "?"]
[Date "2024.02.17"]
[Round "4.18"]
[White "Lamas Mercadal, Manuel"]
[Black "Garcia Gracia, Victor Hugo"]
[Result "0-1"]
[WhiteElo "2098"]
[BlackElo "2171"]
[PlyCount "114"]
[GameId "2166508124094751"]
[EventDate "2024.01.27"]
[WhiteTeam "Delicias"]
[BlackTeam "Palacio De Pioneros"]

1. e4 e6 2. d4 d5 3. e5 c5 4. c3 Qb6 5. Nf3 Bd7 6. Bd3 cxd4 7. Nxd4 Nc6 8. Nf3 f6 9. Qe2 fxe5 10. Nxe5 Nxe5 11. Qxe5 Nf6 12. O-O Bd6 13. Qe2 O-O 14. Be3 Qc7 15. h3 e5 16. Nd2 Rae8 17. Bb5 a6 18. Bxd7 Qxd7 19. c4 d4 20. Bg5 Kh8 21. Rae1 Bb4 22. Rd1 Bxd2 23. Rxd2 Qf5 24. Bxf6 gxf6 25. Qg4 Qe6 26. Qxe6 Rxe6 27. Re1 Rd8 28. f3 Kg7 29. g4 Kf7 30. Kf2 Rc8 31. b3 b5 32. cxb5 axb5 33. Ke2 Rc3 34. Rd3 Rc2+ 35. Rd2 Rec6 36. Red1 b4 37. Ra1 R2c3 38. Rd3 Ke6 39. a4 Rxd3 40. Kxd3 Rc3+ 41. Ke2 Re3+ 42. Kf2 Rxb3 43. a5 Ra3 44. Rb1 b3 45. a6 Kd5 46. Ke2 Kc4 47. Rc1+ Kb5 48. Kd2 Rxa6 49. Kd3 Rc6 50. Rb1 Rc3+ 51. Ke4 Re3+ 52. Kd5 Kb4 53. f4 Kc3 54. g5 fxg5 55. fxe5 b2 56. Rg1 d3 57. e6 Kc2 0-1

[Event "Campeonato de Aragon por Equipos 2024 - "]
[Site "?"]
[Date "2024.02.17"]
[Round "4.19"]
[White "Lacruz Algarate, Alvaro"]
[Black "Llanes Luno, Pedro Alfredo"]
[Result "0-1"]
[WhiteElo "2114"]
[BlackElo "2063"]
[PlyCount "56"]
[GameId "2166508124139808"]
[EventDate "2024.01.27"]
[WhiteTeam "Palacio De Pioneros"]
[BlackTeam "Delicias"]

1. e4 c5 2. Nf3 d6 3. Bb5+ Nd7 4. O-O a6 5. Bxd7+ Bxd7 6. d4 cxd4 7. Qxd4 e5 8. Qd3 h6 9. c4 b5 10. Nfd2 Nf6 11. Na3 Qb8 12. Re1 Be7 13. b3 O-O 14. Nc2 Qb7 15. Ne3 Rfd8 16. Ba3 Be6 17. Nd5 Nxd5 18. cxd5 Bd7 19. b4 a5 20. bxa5 Rxa5 21. Bb4 Ra4 22. a3 Rf8 23. Rac1 Ra6 24. Rc3 Bd8 25. Kh1 Qa7 26. f4 exf4 27. Qf3 Qd4 28. e5 Qxd2 0-1

[Event "Campeonato de Aragon por Equipos 2024 - "]
[Site "?"]
[Date "2024.02.17"]
[Round "4.20"]
[White "Martinez Blanco, Ruben"]
[Black "Dan, Teodor"]
[Result "0-1"]
[WhiteElo "1618"]
[BlackElo "1981"]
[PlyCount "80"]
[GameId "2166508124180769"]
[EventDate "2024.01.27"]
[WhiteTeam "Delicias"]
[BlackTeam "Palacio De Pioneros"]

1. e4 c6 2. d4 d5 3. f3 e6 4. Nc3 Qb6 5. a3 Nd7 6. Be3 g6 7. Nge2 Bg7 8. Nc1 Ne7 9. Nb3 O-O 10. Qd2 f6 11. h4 Qd8 12. O-O-O b5 13. Bd3 a5 14. Kb1 Ba6 15. Na2 b4 16. Bxa6 Rxa6 17. a4 Nc8 18. Nc5 Nxc5 19. dxc5 Ra7 20. Bh6 Bxh6 21. Qxh6 Rg7 22. Qe3 Qd7 23. Nc1 Ne7 24. Nb3 e5 25. Nd2 Qe6 26. Qb3 f5 27. Nf1 f4 28. Nd2 Kh8 29. Ka2 Rgg8 30. exd5 cxd5 31. Ne4 Rc8 32. Ng5 Qf6 33. Rhe1 Rgf8 34. c3 h6 35. Nh3 Rxc5 36. cxb4 axb4 37. Re2 Nc6 38. Red2 Na5 39. Qd3 b3+ 40. Kb1 Qc6 0-1

[Event "Campeonato de Aragon por Equipos 2024 - "]
[Site "?"]
[Date "2024.02.17"]
[Round "4.21"]
[White "Ramon Perez, Jose Luis"]
[Black "Del Rey, Diego"]
[Result "0-1"]
[WhiteElo "2189"]
[BlackElo "2302"]
[PlyCount "74"]
[GameId "2166508124217634"]
[EventDate "2024.01.27"]
[WhiteTeam "Fraga"]
[BlackTeam "El Olivar"]

1. e4 c6 2. d4 d5 3. e5 Bf5 4. h4 Qc8 5. Nc3 f6 6. Bd3 Bxd3 7. Qxd3 Na6 8. Nf3 Nb4 9. Qe2 Qf5 10. O-O Nxc2 11. Rb1 fxe5 12. dxe5 e6 13. Be3 Nh6 14. Bxh6 gxh6 15. Rbc1 Nb4 16. Nd4 Qg6 17. h5 Qf7 18. a3 Na6 19. Nxc6 Bc5 20. b4 Bb6 21. Nb5 O-O 22. Nd6 Qg7 23. Rc3 bxc6 24. Qxa6 Qxe5 25. Rxc6 Rxf2 26. Rxf2 Qe1+ 27. Kh2 Qxf2 28. Rc8+ Rxc8 29. Qxc8+ Kg7 30. Qd7+ Kf6 31. Ne8+ Kg5 32. Qg7+ Kh4 33. Qe7+ Kxh5 34. Nf6+ Kg6 35. Nxh7 Qf4+ 36. Kh3 Qf5+ 37. Kh4 Bf2+ 0-1

[Event "Campeonato de Aragon por Equipos 2024 - "]
[Site "?"]
[Date "2024.02.17"]
[Round "4.22"]
[White "Miranda Herrera, Miguel"]
[Black "Vallverdu Miret, Oscar"]
[Result "0-1"]
[WhiteElo "2104"]
[BlackElo "2084"]
[PlyCount "66"]
[GameId "2166508124254499"]
[EventDate "2024.01.27"]
[WhiteTeam "El Olivar"]
[BlackTeam "Fraga"]

1. d4 Nc6 2. d5 Ne5 3. f4 Ng6 4. e4 e6 5. c4 exd5 6. cxd5 Bb4+ 7. Nc3 Nf6 8. e5 Ne4 9. Qd4 Qh4+ 10. g3 Nxg3 11. hxg3 Bxc3+ 12. bxc3 Qxh1 13. Ba3 d6 14. exd6 O-O 15. dxc7 Re8+ 16. Ne2 Bh3 17. O-O-O Bd7 18. d6 Nf8 19. f5 Re4 20. Qf2 Ba4 21. Nf4 Rae8 22. Nd5 Bxd1 23. Ne7+ Kh8 24. Bg2 Qe1 25. Qxe1 Rxe1 26. c8=Q Rxc8 27. Nxc8 Bf3+ 28. Kd2 Re2+ 29. Kd3 Rxg2 30. f6 gxf6 31. Bc5 Nd7 32. Bxa7 Rxg3 33. Kc4 h5 0-1

[Event "Campeonato de Aragon por Equipos 2024 - "]
[Site "?"]
[Date "2024.02.17"]
[Round "4.23"]
[White "Aribau Rivas, Miguel Angel"]
[Black "Galstyan, David"]
[Result "0-1"]
[WhiteElo "2029"]
[BlackElo "2052"]
[PlyCount "58"]
[GameId "2166508124307748"]
[EventDate "2024.01.27"]
[WhiteTeam "Fraga"]
[BlackTeam "El Olivar"]

1. d4 e6 2. Nf3 Nf6 3. Bf4 d5 4. e3 c5 5. c3 Nc6 6. Nbd2 Bd6 7. Bg3 O-O 8. Bd3 b6 9. Ne5 Bb7 10. O-O Qc7 11. f4 Ne7 12. Qf3 Nf5 13. Bf2 Be7 14. Qh3 Nd6 15. Bh4 Nfe4 16. Bxe7 Qxe7 17. Rad1 f6 18. Ng4 a5 19. Nf2 e5 20. Nf3 Nf7 21. Qh4 Nh6 22. fxe5 Nf5 23. Qf4 fxe5 24. dxe5 Nfg3 25. Qg4 Bc8 26. Qh4 Qxh4 27. Nxh4 Nxf1 28. Bxe4 dxe4 29. Rxf1 g5 0-1

[Event "Campeonato de Aragon por Equipos 2024 - "]
[Site "?"]
[Date "2024.02.17"]
[Round "4.24"]
[White "Hernando Garcia, Antonio"]
[Black "Casas Chine, German"]
[Result "0-1"]
[WhiteElo "2070"]
[BlackElo "1818"]
[PlyCount "104"]
[GameId "2166508124352805"]
[EventDate "2024.01.27"]
[WhiteTeam "El Olivar"]
[BlackTeam "Fraga"]

1. Nf3 Nf6 2. c4 g6 3. Nc3 Bg7 4. g3 O-O 5. Bg2 d6 6. O-O e5 7. d3 c5 8. Ne1 Nc6 9. Nc2 Rb8 10. Rb1 h6 11. a3 Nd4 12. b4 b6 13. bxc5 dxc5 14. Nxd4 cxd4 15. Ne4 Nxe4 16. Bxe4 Bh3 17. Bg2 Bxg2 18. Kxg2 f5 19. a4 a6 20. Bd2 Qd7 21. Rb2 Kh7 22. Qa1 g5 23. a5 e4 24. Rxb6 Rxb6 25. axb6 Qc6 26. Kg1 Qxb6 27. Qb1 Qc6 28. dxe4 Qxe4 29. Qd3 Re8 30. Re1 Qxd3 31. exd3 Rxe1+ 32. Bxe1 Bf8 33. Kf1 Kg6 34. h3 g4 35. h4 f4 36. Ba5 Bc5 37. gxf4 Kf5 38. h5 Kxf4 39. Bd2+ Kf5 40. Bxh6 a5 41. Bc1 a4 42. Bb2 a3 43. Ba1 Kg5 44. h6 Kxh6 45. Kg2 Kg5 46. Kg3 Kf5 47. f3 gxf3 48. Kxf3 Ke5 49. Kg4 Bb4 50. c5 Bc3 51. Bxc3 dxc3 52. d4+ Kd5 0-1

[Event "Campeonato de Aragon por Equipos 2024 - "]
[Site "?"]
[Date "2024.02.17"]
[Round "4.25"]
[White "Lopez Caudevilla, David"]
[Black "Baron Rodriguez, Jesus"]
[Result "0-1"]
[WhiteElo "2180"]
[BlackElo "2404"]
[PlyCount "130"]
[GameId "2166508124389670"]
[EventDate "2024.01.27"]
[WhiteTeam "Actur Rey Fernando"]
[BlackTeam "Iberajedrez Mundo 64"]

1. e4 e5 2. Nf3 Nc6 3. Bb5 a6 4. Ba4 Nf6 5. O-O Nxe4 6. d4 b5 7. Bb3 d5 8. dxe5 Be6 9. c3 Bc5 10. Nbd2 O-O 11. Qe2 Nxd2 12. Bxd2 Bg4 13. Be3 Bxe3 14. Qxe3 Na5 15. h3 Bh5 16. Rfe1 Re8 17. Rad1 c6 18. g4 Bg6 19. Nd4 Qb6 20. f4 Be4 21. Nf5 Qxe3+ 22. Rxe3 Nb7 23. Rxe4 dxe4 24. Bxf7+ Kxf7 25. Rd7+ Kf8 26. Rxb7 g6 27. Nd6 Re7 28. Rxe7 Kxe7 29. Kf2 Ke6 30. h4 h6 31. Nxe4 Rd8 32. Nd6 Rf8 33. Ke3 g5 34. hxg5 hxg5 35. Nf5 gxf4+ 36. Kxf4 Kd5 37. b3 c5 38. c4+ bxc4 39. bxc4+ Kxc4 40. Ke4 Kc3 41. e6 c4 42. Nd6 Rg8 43. Kf5 Kd4 44. Ne4 Rf8+ 45. Nf6 c3 46. e7 Rc8 47. Ne4 c2 48. Nd2 Kd5 49. Nb3 Kd6 50. Kf6 Re8 51. g5 Rxe7 52. g6 Re1 53. g7 Rg1 54. Kf7 Rf1+ 55. Ke8 Rg1 56. Kf7 Kd5 57. g8=Q Rxg8 58. Kxg8 Kc4 59. Kf7 Kc3 60. Ke6 a5 61. Kd5 Kb2 62. Kd4 a4 63. Nc5 a3 64. Nb3 Kxa2 65. Kc3 Kb1 0-1

[Event "Campeonato de Aragon por Equipos 2024 - "]
[Site "?"]
[Date "2024.02.17"]
[Round "4.26"]
[White "Lopez Gracia, Fernando"]
[Black "Abos Rosico, Antonio"]
[Result "1-0"]
[WhiteElo "2252"]
[BlackElo "2071"]
[PlyCount "87"]
[GameId "2166508124434727"]
[EventDate "2024.01.27"]
[WhiteTeam "Iberajedrez Mundo 64"]
[BlackTeam "Actur Rey Fernando"]

1. c4 Nf6 2. g3 g6 3. Bg2 Bg7 4. Nc3 O-O 5. d3 d6 6. Bg5 h6 7. Bd2 c5 8. Nh3 Nc6 9. Nf4 Rb8 10. O-O a6 11. Rb1 Ng4 12. a3 Nge5 13. b4 cxb4 14. axb4 b5 15. c5 Bb7 16. cxd6 exd6 17. Ncd5 Re8 18. Bc3 Rc8 19. Qb3 Ne7 20. Rfc1 Kh7 21. Ra1 Nf5 22. e4 Rxc3 23. Nxc3 Nd4 24. Qd1 Bc8 25. h3 g5 26. Nfe2 Ndf3+ 27. Kh1 g4 28. d4 gxh3 29. dxe5 hxg2+ 30. Kxg2 Nxe5 31. Nd4 Bg4 32. f3 Nc4 33. Qd3 Bh5 34. Nd5 Rg8 35. Rxc4 bxc4 36. Qxc4 Be5 37. f4 Qh4 38. Ra3 Bxf4 39. Nf5 Qg5 40. Nxf4 Qxf4 41. Qd4 Bf3+ 42. Rxf3 Qc1 43. Rf2 Qa3 44. Qf6 1-0

[Event "Campeonato de Aragon por Equipos 2024 - "]
[Site "?"]
[Date "2024.02.17"]
[Round "4.27"]
[White "Leon Dionis, Mateo"]
[Black "Villalba Embid, Marcos"]
[Result "0-1"]
[WhiteElo "1798"]
[BlackElo "2103"]
[PlyCount "62"]
[GameId "2166508124528936"]
[EventDate "2024.01.27"]
[WhiteTeam "Actur Rey Fernando"]
[BlackTeam "Iberajedrez Mundo 64"]

1. b4 e5 2. Bb2 f6 3. b5 d5 4. e3 a6 5. a4 Be6 6. Nf3 Nd7 7. Be2 Bd6 8. d4 e4 9. Nfd2 axb5 10. axb5 Rxa1 11. Bxa1 Ne7 12. c4 c6 13. Nc3 O-O 14. Qb3 f5 15. g3 Qe8 16. cxd5 cxd5 17. Bb2 Qf7 18. Ba3 Bxa3 19. Qxa3 g5 20. h4 f4 21. gxf4 gxf4 22. Qd6 fxe3 23. fxe3 Nf5 24. Qf4 Kh8 25. Kd1 Qe7 26. Ndxe4 dxe4 27. d5 Qb4 28. Qc7 Nxe3+ 29. Kc1 Ra8 30. dxe6 Ra1+ 31. Kd2 Qd4+ 0-1

[Event "Campeonato de Aragon por Equipos 2024 - "]
[Site "?"]
[Date "2024.02.17"]
[Round "4.28"]
[White "Garcia Acin, Pablo"]
[Black "Aviol Perez, Jose Mariano"]
[Result "1-0"]
[WhiteElo "1976"]
[BlackElo "1716"]
[PlyCount "126"]
[GameId "2166508124573993"]
[EventDate "2024.01.27"]
[WhiteTeam "Iberajedrez Mundo 64"]
[BlackTeam "Actur Rey Fernando"]

1. e4 d6 2. d4 Nf6 3. Nc3 g6 4. f4 Bg7 5. Nf3 O-O 6. Bd3 Na6 7. O-O c5 8. d5 Bg4 9. Bc4 Nc7 10. h3 Bxf3 11. Qxf3 Rb8 12. a4 e6 13. dxe6 fxe6 14. Rd1 Qe7 15. Be3 Rbd8 16. Rd2 Nd7 17. a5 Ne5 18. Qe2 Nxc4 19. Qxc4 Kh8 20. Rad1 b6 21. axb6 axb6 22. Qb3 d5 23. exd5 exd5 24. Nxd5 Nxd5 25. Rxd5 Rxd5 26. Rxd5 Qf6 27. Re5 Qh4 28. Re6 Bd4 29. Bxd4+ cxd4 30. Qxb6 Qxf4 31. Qd6 Qf2+ 32. Kh2 Kg8 33. Re7 Qf6 34. Qc7 h5 35. Rd7 Qf4+ 36. Qxf4 Rxf4 37. Kg3 g5 38. Rd5 h4+ 39. Kh2 Rf2 40. Rxg5+ Kf7 41. Rg4 Rxc2 42. Rxd4 Rxb2 43. Rxh4 Kg6 44. Ra4 Kg5 45. h4+ Kh5 46. Kh3 Rb3+ 47. g3 Rc3 48. Ra5+ Kh6 49. Rf5 Rc4 50. Rf4 Rc3 51. Kg4 Ra3 52. Rb4 Ra6 53. h5 Rf6 54. Kh4 Ra6 55. g4 Kh7 56. Rb7+ Kh8 57. Re7 Rb6 58. g5 Rb4+ 59. Kg3 Rb3+ 60. Kf4 Rb4+ 61. Kf5 Rb5+ 62. Kf6 Rb6+ 63. Kf7 Ra6 1-0

[Event "Campeonato de Aragon por Equipos 2024 - "]
[Site "?"]
[Date "2024.02.17"]
[Round "4.29"]
[White "Lana Rodriguez, David"]
[Black "Vela Frago, Alberto"]
[Result "1/2-1/2"]
[WhiteElo "2382"]
[BlackElo "2310"]
[PlyCount "90"]
[GameId "2166508124619050"]
[EventDate "2024.01.27"]
[WhiteTeam "Teruel"]
[BlackTeam "MyInvestor Casablanca B"]

1. e4 e5 2. Nf3 Nf6 3. d4 Nxe4 4. dxe5 d5 5. exd6 Bxd6 6. Bd3 Nc5 7. Bc4 Be6 8. Na3 Nc6 9. O-O O-O 10. Be3 Re8 11. Ng5 Bxc4 12. Nxc4 Be7 13. Qg4 Bxg5 14. Bxg5 Qd4 15. Qxd4 Nxd4 16. Be3 Nce6 17. c3 Nc2 18. Rad1 Nxe3 19. Nxe3 Rad8 20. g3 g6 21. Ng4 Kg7 22. Rfe1 Nc5 23. Ne3 Na4 24. Rxd8 Rxd8 25. Re2 b5 26. c4 bxc4 27. Nxc4 Rd1+ 28. Kg2 Ra1 29. b3 Nc3 30. Rc2 Nxa2 31. Ne5 Nc1 32. b4 Kf6 33. Ng4+ Ke6 34. Rxc7 Nd3 35. Rc6+ Ke7 36. Rc7+ Ke6 37. b5 h5 38. Nh6 Ne5 39. f4 Ra2+ 40. Kf1 Ng4 41. Nxf7 Nxh2+ 42. Ke1 Nf3+ 43. Kf1 Nh2+ 44. Kg1 Nf3+ 45. Kf1 Nh2+ 1/2-1/2

[Event "Campeonato de Aragon por Equipos 2024 - "]
[Site "?"]
[Date "2024.02.17"]
[Round "4.30"]
[White "Lorente Melcon, Maximo"]
[Black "Dominguez Bujeda, Jesus"]
[Result "0-1"]
[WhiteElo "2137"]
[BlackElo "2062"]
[PlyCount "100"]
[GameId "2166508124651819"]
[EventDate "2024.01.27"]
[WhiteTeam "MyInvestor Casablanca B"]
[BlackTeam "Teruel"]

1. e4 c5 2. Nf3 g6 3. d4 cxd4 4. Nxd4 Nc6 5. c4 Bg7 6. Be3 Nf6 7. Nc3 Ng4 8. Qxg4 Nxd4 9. Qd1 Ne6 10. Rc1 Qa5 11. Bd3 b6 12. O-O Bb7 13. Qd2 Nc5 14. Bb1 Bc6 15. Bd4 O-O 16. Bxg7 Kxg7 17. Qd4+ Kg8 18. Nd5 Bxd5 19. exd5 d6 20. Rfe1 Rfe8 21. h4 e5 22. Qg4 Qd2 23. Rcd1 Qxb2 24. Re2 h5 25. Qxg6+ fxg6 26. Rxb2 Kg7 27. Re2 Rf8 28. Re3 Rf4 29. Rde1 Rxh4 30. Rg3 Rg4 31. Ree3 Rf8 32. Rxg4 hxg4 33. g3 Rf3 34. Bc2 Kf6 35. Kf1 Rxe3 36. fxe3 e4 37. Ke2 Kf5 38. Kd2 Nd7 39. Kc3 Ke5 40. Kd2 Nf6 41. Ke2 a6 42. a4 a5 43. Bd1 Kf5 44. Kd2 Nh5 45. Kc3 Nxg3 46. Kd4 g5 47. c5 bxc5+ 48. Kc4 Nf1 49. Be2 Nxe3+ 50. Kb5 g3 0-1

[Event "Campeonato de Aragon por Equipos 2024 - "]
[Site "?"]
[Date "2024.02.17"]
[Round "4.31"]
[White "Gomez Calomarde, Saul"]
[Black "Felipo Martinez, Marcos"]
[Result "0-1"]
[WhiteElo "2031"]
[BlackElo "2033"]
[PlyCount "120"]
[GameId "2166508124696876"]
[EventDate "2024.01.27"]
[WhiteTeam "Teruel"]
[BlackTeam "MyInvestor Casablanca B"]

1. d4 Nf6 2. Nf3 d5 3. e3 Nbd7 4. Bd3 e6 5. Nbd2 b6 6. O-O Bb7 7. b3 Bd6 8. Bb2 Ne4 9. Ne5 Nxd2 10. Qxd2 f5 11. Bb5 Bxe5 12. dxe5 c6 13. Be2 h5 14. Qd1 h4 15. Bh5+ Kf8 16. f4 g5 17. Bf3 Rg8 18. c4 gxf4 19. e4 dxe4 20. Bxe4 Nc5 21. Bf3 h3 22. Rf2 Qxd1+ 23. Rxd1 Ke7 24. Bc1 hxg2 25. Bxf4 Rad8 26. Rxd8 Kxd8 27. h4 Kc7 28. h5 Nd3 29. Rxg2 Rxg2+ 30. Kxg2 Nxf4+ 31. Kg3 Nxh5+ 32. Bxh5 c5 33. Kf4 Kd7 34. Bd1 Be4 35. Kg5 Ke7 36. a3 a5 37. Kf4 Kf7 38. Kg5 Kg7 39. Kh5 Bd3 40. Kg5 a4 41. Kh5 Kf7 42. Kg5 Bf1 43. Bh5+ Ke7 44. Bd1 axb3 45. Bxb3 b5 46. cxb5 Bxb5 47. Kf4 Bd3 48. Ba4 Kd8 49. Ke3 Bc4 50. Bc6 Kc7 51. Ba4 Kb6 52. Bd7 Bd5 53. Kd3 f4 54. Ba4 c4+ 55. Kd4 f3 56. Ke3 Kc5 57. Bd1 c3 58. Bc2 Kc4 59. a4 Kb4 60. Kd3 Be4+ 0-1

[Event "Campeonato de Aragon por Equipos 2024 - "]
[Site "?"]
[Date "2024.02.17"]
[Round "4.32"]
[White "Ruiz Fernandez, Daniel"]
[Black "Martin Catalan, Juan Vicente"]
[Result "1/2-1/2"]
[WhiteElo "2031"]
[BlackElo "1914"]
[PlyCount "154"]
[GameId "2166508124733741"]
[EventDate "2024.01.27"]
[WhiteTeam "MyInvestor Casablanca B"]
[BlackTeam "Teruel"]

1. e4 e6 2. d4 d5 3. Nd2 dxe4 4. Nxe4 Nd7 5. Nf3 Ngf6 6. Nxf6+ Nxf6 7. Bd3 c5 8. Be3 Nd5 9. Ne5 a6 10. Qf3 Qc7 11. O-O Bd6 12. c3 Bxe5 13. dxe5 Bd7 14. Be4 Nxe3 15. fxe3 O-O 16. Rfd1 Bb5 17. Rd6 Rfd8 18. Rad1 Rab8 19. Qf4 g6 20. Qf6 Rxd6 21. exd6 Qd7 22. h4 h5 23. Rd2 Qd8 24. Qf4 Bd7 25. Qg5 b6 26. Bd3 Qxg5 27. hxg5 b5 28. e4 e5 29. Be2 Rb6 30. Kf2 Kf8 31. Ke3 Ke8 32. Rd5 Be6 33. Rxc5 Kd7 34. b4 Kxd6 35. a4 Rc6 36. axb5 axb5 37. Rxc6+ Kxc6 38. Kd2 Bc4 39. Bxc4 bxc4 40. Kc2 Kb5 41. Kb2 Kb6 42. g3 Ka6 43. Ka2 Kb6 44. Kb1 Kb5 45. Kc2 Kb6 46. Kd2 Kb5 47. Ke3 Kb6 48. Kf2 Kb5 49. g4 hxg4 50. Kg3 Kb6 51. Kxg4 Kb5 52. Kf3 Kb6 53. Ke2 Kb5 54. Ke3 Kb6 55. Kd2 Kb5 56. Kd1 Kb6 57. Kc2 Kb5 58. Kc1 Kb6 59. Kb1 Kb5 60. Ka1 Kb6 61. Kb2 Ka6 62. Ka2 Kb6 63. Kb1 Ka6 64. Kb2 Kb6 65. Ka3 Kb5 66. Kb2 Kb6 67. Kc1 Ka6 68. Kc2 Kb6 69. Kd1 Ka6 70. Kc2 Kb6 71. Kb2 Ka6 72. Ka3 Kb5 73. Kb2 Kb6 74. Kb1 Ka6 75. Kc1 Kb6 76. Kb2 Ka6 77. Ka3 Kb5 1/2-1/2

[Event "Preferente Aragonesa 2024 - Grupo I"]
[Site "?"]
[Date "2024.02.17"]
[Round "4.33"]
[White "Gutierrez Mingueza, Ruben"]
[Black "Correas Marcen, Jose Maria"]
[Result "1-0"]
[WhiteElo "2003"]
[BlackElo "1960"]
[PlyCount "77"]
[GameId "2166508124770606"]
[EventDate "2024.01.27"]
[WhiteTeam "San Jose"]
[BlackTeam "El Olivar C"]

1. d4 g6 2. c4 Bg7 3. Nf3 d5 4. e3 Nf6 5. Nc3 O-O 6. Qb3 c6 7. Bd2 dxc4 8. Bxc4 Nbd7 9. O-O Nb6 10. Be2 Be6 11. Qc2 h6 12. e4 Nc4 13. Bc1 Rc8 14. b3 Nb6 15. h3 Qc7 16. Be3 Rfd8 17. Rad1 Ne8 18. Qc1 Kh7 19. Bf4 Nd6 20. Ne5 f6 21. Nd3 Bf7 22. Bg3 e6 23. Kh2 Qe7 24. f4 Nd7 25. Bf3 e5 26. dxe5 fxe5 27. Bg4 exf4 28. Bxf4 h5 29. Bg5 Qe8 30. Bf3 Ne5 31. Bxd8 Rxd8 32. Ne2 Nxf3+ 33. gxf3 Be6 34. Rg1 Bh6 35. Qc5 b6 36. Qe5 Nf7 37. Qf6 g5 38. Ne5 Rxd1 39. Qg6+ 1-0

[Event "Preferente Aragonesa 2024 - Grupo I"]
[Site "?"]
[Date "2024.02.17"]
[Round "4.34"]
[White "De La Riva Fernandez, Eduardo"]
[Black "Baldellou Vicente, Roberto"]
[Result "1-0"]
[WhiteElo "1743"]
[BlackElo "1933"]
[PlyCount "53"]
[GameId "2166508124815663"]
[EventDate "2024.01.27"]
[WhiteTeam "El Olivar C"]
[BlackTeam "San Jose"]

1. e4 e5 2. Nc3 Nf6 3. f4 d5 4. fxe5 Nxe4 5. Nf3 Nc6 6. d3 Nxc3 7. bxc3 Be7 8. d4 O-O 9. Bd3 Bg4 10. O-O f6 11. exf6 Bxf6 12. Qe1 Bxf3 13. Rxf3 Nxd4 14. Rxf6 Qxf6 15. cxd4 Rae8 16. Be3 c5 17. Qd2 c4 18. Bf1 Re4 19. Re1 Rfe8 20. Bf2 h5 21. Rxe4 Rxe4 22. g3 Qe7 23. Bg2 Re2 24. Bxd5+ Kh8 25. Qd1 c3 26. Bc4 Rd2 27. Qxh5# 1-0

[Event "Preferente Aragonesa 2024 - Grupo I"]
[Site "?"]
[Date "2024.02.17"]
[Round "4.35"]
[White "Ferreruela Romero, Jose Joaquin"]
[Black "Machin Torcal, Eduardo"]
[Result "1-0"]
[WhiteElo "1859"]
[BlackElo "1636"]
[PlyCount "91"]
[GameId "2166508124856624"]
[EventDate "2024.01.27"]
[WhiteTeam "San Jose"]
[BlackTeam "El Olivar C"]

1. e4 {[%emt 0:00:00]} e5 2. Nf3 Nc6 3. Bc4 Bc5 4. c3 Nf6 5. d3 O-O 6. b4 Be7 7. b5 Na5 8. Nxe5 d6 9. Nxf7 Rxf7 10. Bxf7+ Kxf7 11. O-O Bg4 12. f3 Be6 13. c4 b6 14. Nd2 Kg8 15. Nb3 Nxb3 16. axb3 Nd7 17. d4 Bf6 18. Rf2 Qc8 19. Rfa2 Qb7 20. Be3 h6 21. Qd2 Kh7 22. Ra4 Nb8 23. Qa2 a6 24. bxa6 Qc8 25. a7 Nd7 26. Qc2 Kg8 27. Rd1 Nf8 28. b4 Nd7 29. b5 Bf7 30. Rc1 Qf8 31. Qd1 Qc8 32. f4 Be8 33. e5 Be7 34. Qg4 Qd8 35. Qf3 Qc8 36. Ra6 Bf7 37. Qg4 Be8 38. c5 dxc5 39. dxc5 bxc5 40. Rxh6 Nb6 41. Qxc8 Rxc8 42. Re6 Kf7 43. Rxe7+ Kxe7 44. Bxc5+ Kd7 45. Bxb6 cxb6 46. Rxc8 1-0

[Event "Preferente Aragonesa 2024 - Grupo I"]
[Site "?"]
[Date "2024.02.17"]
[Round "4.36"]
[White "Marco Garcia, Francho"]
[Black "Rubio Tello, Abel"]
[Result "1-0"]
[WhiteElo "1631"]
[BlackElo "1816"]
[PlyCount "39"]
[GameId "2166508124967217"]
[EventDate "2024.01.27"]
[WhiteTeam "El Olivar C"]
[BlackTeam "San Jose"]

1. e4 e6 2. d4 d5 3. Nd2 Nc6 4. c3 e5 5. Bb5 exd4 6. Bxc6+ bxc6 7. cxd4 c5 8. Ngf3 Nf6 9. e5 Ne4 10. dxc5 Nxc5 11. O-O Ba6 12. Re1 Qd7 13. Nb3 Be7 14. Nxc5 Bxc5 15. Be3 Bb6 16. Bxb6 axb6 17. e6 fxe6 18. Ne5 Qe7 19. Qh5+ Kf8 20. Ng6+ 1-0

[Event "Preferente Aragonesa 2024 - Grupo I"]
[Site "?"]
[Date "2024.02.17"]
[Round "4.37"]
[White "Cid Royo, Oscar"]
[Black "Bonet Herbera, Isabel"]
[Result "1/2-1/2"]
[WhiteElo "1993"]
[BlackElo "1780"]
[PlyCount "40"]
[GameId "2166508125020466"]
[EventDate "2024.01.27"]
[WhiteTeam "L'Aurora Estadilla"]
[BlackTeam "Binefar"]

1. d4 d5 2. Nf3 Nf6 3. g3 e6 4. Bg2 Be7 5. O-O O-O 6. b3 Nbd7 7. Bb2 b6 8. c4 Bb7 9. Nbd2 c5 10. Ne5 cxd4 11. Bxd4 Nxe5 12. Bxe5 Nd7 13. Bb2 Bf6 14. Bxf6 Nxf6 15. Qc2 Qe7 16. Rac1 Rac8 17. Qb2 Rfd8 18. cxd5 Bxd5 19. Rxc8 Rxc8 20. Rc1 Rxc1+ 1/2-1/2